[Event "RUS Rapid GP Top 16 2018"]
[Site "Khanty-Mansiysk"]
[Date "2018.12.02"]
[Round "10"]
[White "Morozevich, Alexander"]
[Black "Ponkratov, Pavel"]
[Result "1-0"]
[WhiteElo "2696"]
[BlackElo "2658"]
[Annotator "TA"]
[PlyCount "115"]
[EventDate "2018.12.01"]
[EventType "swiss"]
[EventCountry "RUS"]
[SourceTitle "playchess.com"]
[Source "ChessBase"]
[SourceQuality "1"]

{[%evp 16,115,39,31,39,36,37,20,37,15,16,13,14,23,64,26,41,0,33,0,0,-6,-9,-7,52,58,59,48,54,53,55,44,45,50,42,26,28,32,37,30,35,39,42,24,28,19,16,22,73,73,87,74,134,140,133,133,141,134,245,238,323,342,673,661,852,838,8117,11072,11195,9241,12436,9965,7937,2325,11908,7485,4790,3780,6217,4789,6531,3357,12795,12683,12791,7848,1731,581,6677,6087,1648,1302,29970,29968,29974,29975,29974,4558,29975,29976,29971,6409]} 1. e4 g6 2. d4 Bg7 3. Nc3 d5 4. exd5 Nf6 5. Bc4 Nbd7 6. Bb3 {B06: Modern Defence} Nb6 7. Qf3 Bg4 8. Qg3 Bf5 9. Nf3 {LiveBook: 4 Games} Nbxd5 10. Nxd5 Nxd5 11. c3 O-O $146 ({Predecessor:} 11... c6 12. O-O a5 13. a3 O-O {0-1 (76) Moehn,H (2090)-Tomczak,J (2556) Rostock 2012}) 12. h4 h5 13. O-O Nf6 14. Re1 c5 15. Ne5 {Hoping for Nxg6.} e6 16. Be3 Nd5 17. Rad1 Nxe3 18. Rxe3 {And now d5 would win.} cxd4 19. cxd4 Qe7 (19... Rc8 $11) 20. d5 $1 $14 {[%cal Rd5e6]} Rad8 21. Rde1 {Strongly threatening dxe6.} Kh7 22. dxe6 fxe6 23. Nf3 Bh6 $1 24. Ng5+ ({And not} 24. Rxe6 Bxe6 25. Bxe6 (25. Rxe6 $2 Qxe6 26. Bxe6 Rd1+ 27. Kh2 Bf4 $19) 25... Qg7 $17) 24... Bxg5 $1 25. Qxg5 Qxg5 26. hxg5 Rd2 27. R1e2 Rxe2 28. Rxe2 $11 {[%mdl 4096] Endgame KRB-KRB} Re8 $1 29. Rd2 Re7 30. f3 Kg7 31. Kf2 e5 (31... Rc7 $11) 32. Ke3 $16 h4 33. Rd1 Rc7 {[#]} (33... b6 $142) 34. Rh1 $1 a5 35. Rxh4 b5 36. g4 Bc8 (36... Bc2 $16) 37. Rh2 $18 Bb7 38. Rc2 Rxc2 $2 {[#]} (38... Rd7 39. Rc5 a4) 39. Bxc2 {KB-KB} Bd5 40. a3 b4 41. axb4 axb4 42. Be4 Bb3 43. Bc6 Bc2 44. Kd2 (44. Bb5 $142 Kf7 45. Bc4+ Kf8 46. Bd3) 44... Bb1 45. Bb5 Ba2 46. Ke3 Bd5 47. f4 exf4+ 48. Kxf4 Be6 49. Be2 Kf7 50. Ke5 Ke7 51. Bd3 (51. Kd4 $142 Kd6 52. Bd3) 51... Bf7 52. Be4 Be8 53. Kd5 b3 54. Ke5 Bd7 55. Bxg6 Bxg4 56. Be4 (56. Bf5 $142 Bd1 57. Be6 Bc2 58. Bd5 Kf8 59. Kf6 Ke8 60. g6 Bxg6 61. Kxg6) 56... Bd1 57. Bd5 Bc2 58. Bc4 {Accuracy: White = 59%, Black = 29%.} 1-0

[Event "RUS Rapid GP Top 16 2018"]
[Site "Khanty-Mansiysk"]
[Date "2018.12.02"]
[Round "10"]
[White "Yudin, Sergei"]
[Black "Sjugirov, Sanan"]
[Result "1/2-1/2"]
[WhiteElo "2643"]
[BlackElo "2722"]
[Annotator "TA"]
[PlyCount "48"]
[EventDate "2018.12.01"]
[EventType "swiss"]
[EventCountry "RUS"]
[SourceTitle "playchess.com"]
[Source "ChessBase"]
[SourceQuality "1"]

{[%evp 20,48,9,9,12,10,14,14,25,14,16,8,15,8,7,0,0,6,20,0,0,0,0,0,0,0,0,0,0,0,0]} 1. e4 c5 2. Nf3 d6 3. Bb5+ Nd7 4. d4 cxd4 5. Qxd4 a6 6. Bxd7+ Bxd7 7. Nc3 Rc8 {B51: Sicilian: Moscow Variation (3 Bb5+) without 3...Bd7} 8. O-O e5 9. Qd3 h6 (9... Qc7 10. Rd1 Be6 11. a4 Nf6 12. Nd2 Be7 13. Nf1 Qc4 14. Ne3 Qxd3 15. Rxd3 Kd7 {½-½ (33) Xiong,J (2656)-Vachier Lagrave,M (2780) Douglas 2018}) 10. Rd1 Nf6 11. Nd2 {[%cal Bf3d2,Bd2f1,Bf1e3][%mdl 32] LiveBook: 5 Games} Bg4 {[#] Hoping for ...Rxc3.} 12. f3 Be6 13. Nf1 Be7 14. Ne3 O-O {The position is equal.} 15. Bd2 b5 16. Kh1 Qb6 $146 17. a4 {[%cal Ra4b5]} Bc4 18. Nxc4 bxc4 19. Qe3 Qxb2 20. Rab1 Qxc2 21. Rbc1 Qb3 22. Rb1 Qc2 23. Rbc1 Qb3 24. Rb1 Qc2 1/2-1/2

[Event "RUS Rapid GP Top 16 2018"]
[Site "Khanty-Mansiysk"]
[Date "2018.12.02"]
[Round "10"]
[White "Iljiushenok, Ilia"]
[Black "Shuvalova, Polina"]
[Result "1/2-1/2"]
[WhiteElo "2607"]
[BlackElo "2411"]
[Annotator "TA"]
[PlyCount "82"]
[EventDate "2018.12.01"]
[EventType "swiss"]
[EventCountry "RUS"]
[SourceTitle "playchess.com"]
[Source "ChessBase"]
[SourceQuality "1"]

{[%evp 14,82,21,30,21,0,0,0,7,0,9,0,0,4,43,1,20,0,0,0,0,0,36,21,27,21,37,9,25,0,0,0,0,0,0,0,0,0,0,-7,-12,-21,-16,-20,-11,-17,-17,-19,-17,-19,-17,-23,-20,-25,-25,-31,-25,-24,0,-76,-28,-25,-18,-18,0,0,0,0,0,0,0]} 1. e4 c6 2. d4 d5 3. exd5 cxd5 4. Bd3 Nc6 5. c3 Nf6 6. h3 e5 7. dxe5 Nxe5 8. Qe2 {LiveBook: 26 Games. B13: Caro-Kann: Exchange Variation and Panov-Botvinnik Attack} Ne4 $146 ({Predecessor:} 8... Qe7 9. Bb5+ Bd7 10. Bxd7+ Nexd7 11. Nd2 Nc5 12. Ngf3 Qxe2+ 13. Kxe2 Bd6 14. Nb3 O-O 15. Be3 Na4 16. Rab1 Rfe8 17. Rhd1 Bf4 {1-0 (47) Polgar,J (2680)-Karpov,A (2619) Moscow 2009}) 9. Bxe4 dxe4 10. Qxe4 Bd6 $1 11. Nf3 O-O 12. O-O Nxf3+ 13. Qxf3 Qc7 14. Be3 Bd7 15. Bd4 Rfe8 16. Nd2 Re6 17. Rfe1 Rae8 18. Rxe6 Rxe6 19. Qd3 ({Don't blunder} 19. Bxa7 $2 b6 $17) 19... Bc6 20. Rd1 h6 21. a3 ({Stronger than} 21. Bxa7 b6 $17) 21... b6 22. f3 Qe7 23. Bf2 Qg5 24. Ne4 Bxe4 $1 25. fxe4 Rg6 {[%csl Gg6][%cal Rg5g2] [#]} 26. Qf3 Qe5 {Threatens to win with ...Rf6.} 27. g3 Bc5 $1 {( -> ...Rxg3+)} 28. Kg2 Bxf2 29. Qxf2 ({Wrong is} 29. Kxf2 $2 Rf6 $19) 29... Qxe4+ $11 {[%mdl 4096] Endgame KQR-KQR} 30. Kh2 Rf6 31. Qg2 Qe3 {[#] White must now prevent ...Rf2.} (31... Qe8 {keeps more tension.} 32. Rd2 g6 33. Re2 Qd8 34. Rd2 Qe7) 32. Rd2 g6 33. Qe2 Qc5 34. Qe4 h5 35. h4 Re6 36. Qd4 (36. Qa8+ $11 {remains equal.} Kg7 37. Qxa7) 36... Qc6 37. Qf2 Qb5 38. Rd8+ {The position is equal.} Re8 39. c4 Qc6 40. Rxe8+ Qxe8 41. Qd2 Qe4 {Accuracy: White = 66%, Black = 67%.} 1/2-1/2

[Event "RUS Rapid GP Top 16 2018"]
[Site "Khanty-Mansiysk"]
[Date "2018.12.02"]
[Round "10"]
[White "Demidov, Mikhail"]
[Black "Chigaev, Maksim"]
[Result "1/2-1/2"]
[WhiteElo "2586"]
[BlackElo "2671"]
[Annotator "TA"]
[PlyCount "40"]
[EventDate "2018.12.01"]
[EventType "swiss"]
[EventCountry "RUS"]
[SourceTitle "playchess.com"]
[Source "ChessBase"]
[SourceQuality "1"]

{[%evp 11,40,-30,-12,-27,-14,-22,-22,-24,-32,-27,-14,-30,-26,-38,18,18,15,16,19,16,18,15,16,14,15,18,28,14,25,15,43]} 1. d4 Nf6 2. Nc3 d5 3. Bf4 e6 4. e3 Bb4 5. Nge2 O-O 6. a3 {D00: 1 d4 d5: Unusual lines} Bd6 {LiveBook: 6 Games} 7. g3 b6 8. Bxd6 $146 ({Predecessor:} 8. Bg2 Bb7 9. O-O c5 10. Re1 Be7 11. h3 Nc6 12. g4 {0-1 (54) Jobava,B (2727)-Caruana,F (2820) Wijk aan Zee 2015}) 8... Qxd6 9. Bg2 Bb7 10. O-O Qe7 11. Nf4 {[%cal Be2f4,Bf4d3,Bd3e5][%mdl 32]} c5 12. Re1 cxd4 (12... Nc6 $15) 13. exd4 $11 Qc7 14. Nce2 {[%cal Bc3e2,Be2f4,Bf4d3,Bd3e5][%mdl 32]} Nbd7 15. Nd3 Ne4 16. Nef4 Ndf6 17. Ne5 Nd6 18. c3 Nc4 19. Nfd3 Nxe5 20. Nxe5 Nd7 {Accuracy: White = 62%, Black = 48%.} 1/2-1/2

[Event "RUS Rapid GP Top 16 2018"]
[Site "Khanty-Mansiysk"]
[Date "2018.12.02"]
[Round "10"]
[White "Maltsevskaya, Aleksandra"]
[Black "Kryakvin, Dmitry"]
[Result "0-1"]
[WhiteElo "2247"]
[BlackElo "2529"]
[Annotator "TA"]
[PlyCount "74"]
[EventDate "2018.12.01"]
[EventType "swiss"]
[EventCountry "RUS"]
[SourceTitle "playchess.com"]
[Source "ChessBase"]
[SourceQuality "1"]

{[%evp 15,74,-11,-18,-13,-4,-10,0,4,19,7,0,0,4,0,19,0,15,-22,-15,-35,-20,-7,-8,-16,0,0,0,-22,0,-68,-58,-43,0,0,0,-44,0,-11,12,11,5,5,5,5,5,2,4,10,16,14,43,43,45,-247,-225,-508,-510,-460,-455,-590,-573]} 1. Nf3 d5 2. g3 c6 3. Bg2 Bg4 4. O-O Nd7 5. d4 Ngf6 6. h3 {D02: 1 d4 d5 2 Nf3 sidelines, including 2...Nf6 3 g3 and 2...Nf6 3 Bf4} (6. Nbd2 e6 7. Re1 Be7 8. e4 O-O 9. c3 Rc8 10. Qe2 c5 11. exd5 Nxd5 12. h3 Bh5 13. Nb3 cxd4 14. Nbxd4 Bc5 15. g4 Bg6 16. Bg5 Qc7 17. Rad1 Rfe8 {0-1 (40) Rakhmanov,A (2634)-Artemiev,V (2706) Sochi 2018}) 6... Bh5 7. c4 e6 8. Nc3 dxc4 {LiveBook: 3 Games} 9. e4 Bb4 10. Qe2 Nb6 $146 ({Predecessor:} 10... O-O 11. g4 Bg6 12. Ne5 b5 13. f4 Nxe5 14. dxe5 Nd7 15. f5 Nxe5 16. fxg6 hxg6 {1-0 (53) Yap,K (2366)-Sheng,J (2415) Berkeley 2018}) 11. a3 Be7 12. Rd1 Bxf3 13. Bxf3 O-O 14. Kg2 Re8 15. h4 Rc8 16. e5 Nfd5 17. Ne4 Rc7 18. Bg5 h6 19. Bxe7 Qxe7 20. Rac1 Rd8 21. Nd6 Rcd7 22. Be4 (22. Nxc4 $11 Nxc4 23. Qxc4) 22... Rxd6 $15 23. exd6 Rxd6 24. Bb1 $1 Qd8 25. Rd2 Qf6 26. Qf3 (26. Qe4 {looks sharper.} g6 27. Ba2 Ne7 28. Bxc4 Nf5 29. Ba2) 26... Nc7 27. Qxf6 gxf6 28. Ba2 Nb5 29. Bxc4 Nxd4 30. Ba2 Nd7 31. b4 e5 32. Re1 Kf8 33. f4 Ke7 {next ...Nf3! is good for Black.} 34. g4 $2 {[%mdl 8192] [#]} (34. Kh3 $14) 34... Nf3 $1 $19 {[%cal Rf3e1][%mdl 576] Double Attack, Discovered Attack} 35. Rxd6 $2 (35. Kxf3 Rxd2 36. Bb3) 35... Nxe1+ {Black is clearly winning.} 36. Kf1 {And now Rxd7+! would win.} Kxd6 37. Kxe1 exf4 {Accuracy: White = 42%, Black = 43%.} 0-1

[Event "RUS Rapid GP Top 16 2018"]
[Site "Khanty-Mansiysk"]
[Date "2018.12.02"]
[Round "10"]
[White "Maletina, Tatiana"]
[Black "Kabanov, Nikolai"]
[Result "1/2-1/2"]
[WhiteElo "2239"]
[BlackElo "2403"]
[Annotator "TA"]
[PlyCount "72"]
[EventDate "2018.12.01"]
[EventType "swiss"]
[EventCountry "RUS"]
[SourceTitle "playchess.com"]
[Source "ChessBase"]
[SourceQuality "1"]

{[%evp 9,72,36,47,47,54,33,33,33,33,32,33,10,58,49,70,0,0,0,0,0,0,-3,0,0,0,-1,1,-49,-23,-9,-9,-1,0,0,35,21,39,19,69,59,107,107,237,213,533,516,729,671,732,718,726,691,672,661,716,706,722,682,651,469,440,264,252,204,195]} 1. d4 d6 2. e4 Nd7 3. c4 e5 4. d5 g6 5. Nc3 h5 {LiveBook: 3 Games} 6. Bd3 {B07: Pirc Defence: Miscellaneous Systems} (6. h4 Nc5 7. Nf3 Bh6 8. Bg5 f6 9. Bxh6 Nxh6 10. Qd2 a5 11. O-O-O Qe7 {½-½ (35) Berkes,F (2648)-Dubov,D (2661) Moscow 2017}) 6... Bh6 7. Nf3 $146 ({Predecessor:} 7. Nge2 Bxc1 8. Qxc1 Nc5 9. Bc2 a5 10. Na4 Nf6 11. Nxc5 dxc5 {0-1 (35) Stremavicius,T (2179)-Laurusas,T (2363) Krakow 2012}) 7... a5 8. Bc2 {White is slightly better.} Nc5 9. Bxh6 Nxh6 10. Qe2 Ng4 11. h3 Nf6 12. O-O-O (12. Qe3 $14) 12... h4 $11 13. g3 hxg3 14. fxg3 Nh5 ({Don't play} 14... Bxh3 $6 15. Qf1 $1 $16 {[%mdl 512]}) (14... Rxh3 $2 15. Rxh3 Bxh3 16. Rh1 $18) 15. Rdg1 Bd7 16. Qe3 Qe7 17. Kb1 O-O-O 18. Nd2 f5 19. exf5 gxf5 20. Nb3 $1 b6 21. Nxc5 bxc5 22. Ne2 Rdg8 23. Qc3 {Threatens to win with g4.} Kb7 24. Qxa5 Ra8 25. Qc3 c6 {[#]} (25... Ng7 $16 {might work better.}) 26. g4 $1 $18 {[%cal Rg4h5]} fxg4 $2 (26... Nf6 {is tougher.} 27. dxc6+ (27. Bxf5 Bxf5+ 28. gxf5 cxd5 $16) (27. gxf5 cxd5 28. cxd5 Kc7 $16) 27... Bxc6) 27. hxg4 Ng7 28. Rxh8 Rxh8 29. Qb3+ Kc7 30. Qa3 Rb8 31. Qa5+ Kc8 32. Qa6+ {[%mdl 64] Double Attack} Kc7 33. Nc3 Rb6 34. Qa7+ Rb7 35. Qa5+ Kb8 {intending ...Ra7.} 36. Rh1 Ra7 {Accuracy: White = 57%, Black = 58%.} 1/2-1/2

[Event "RUS Rapid GP Top 16 2018"]
[Site "Khanty-Mansiysk"]
[Date "2018.12.03"]
[Round "11"]
[White "Sjugirov, Sanan"]
[Black "Demidov, Mikhail"]
[Result "1-0"]
[WhiteElo "2722"]
[BlackElo "2586"]
[Annotator "TA"]
[PlyCount "97"]
[EventDate "2018.12.01"]
[EventType "swiss"]
[EventCountry "RUS"]
[SourceTitle "playchess.com"]
[Source "ChessBase"]
[SourceQuality "1"]

{[%evp 9,97,31,50,12,39,4,18,-13,-13,-22,-27,-66,-61,-97,-36,-36,-45,-38,-41,-63,-52,-49,-30,-29,-14,-12,0,0,0,0,0,0,0,0,0,-2,-2,-76,-48,-54,-43,-202,-49,-179,-208,-245,-160,-181,-99,-200,0,-337,-311,-315,-289,-322,-327,-371,14,14,14,14,14,12,12,0,0,0,14,0,162,164,148,147,952,981,1164,1150,1145,1135,1135,1028,1239,1207,6035,6011,29984,29985,29985,29985]} 1. e4 Nf6 2. e5 Nd5 3. d4 d6 4. Nf3 Nb6 5. Be2 g6 {LiveBook: 123 Games} 6. h4 {B04: Alekhine's Defence: 4 Nf3} (6. O-O Bg7 7. Bf4 O-O 8. c3 Nc6 9. Nbd2 Bf5 10. Re1 Qd7 11. Nc4 Rad8 12. Nxb6 axb6 13. exd6 exd6 14. Bb5 Bg4 15. Bg5 {½-½ (58) Potapov,P (2492)-Demidov,M (2511) Sochi 2018}) 6... h5 7. Nc3 Bg7 8. Bf4 $146 {The position is equal.} ({Predecessor:} 8. Be3 a6 9. Qd2 dxe5 10. Nxe5 Bxe5 11. dxe5 Qxd2+ 12. Kxd2 N8d7 13. f4 c6 {1-0 (71) Tapia Lorente,A (2098)-Garzon Rodriguez,J (1981) Malaga 2004}) 8... Nc6 9. exd6 cxd6 10. d5 Nb4 11. Qd2 Bf5 (11... Qc7 $1 $17 12. Bg5 Nc4) 12. O-O $15 Rc8 13. Nd4 Bd7 14. Ndb5 O-O 15. Nxa7 Rxc3 {[%mdl 64] Remove Defender} 16. bxc3 N4xd5 17. Bh6 Bxc3 18. Qc1 Bxa1 19. Qxa1 {[%csl Gh6][%cal Ra1g7]} e5 20. Bxf8 Kxf8 21. g3 Qc7 {And now ...Nc3 would win.} 22. c4 Nxc4 {White must now prevent ...b5.} 23. Rd1 (23. Rc1 $1 $11 b5 24. Nxb5 $1 {[%mdl 512]} Bxb5 25. a4) 23... Qc5 {aiming for ...Nde3.} 24. Qc1 Ndb6 $1 $36 {[%mdl 2048] Black has good play.} 25. Qg5 $2 (25. Qc3 $1 $15) 25... Ke8 $2 (25... Kg7 $19 {Hoping for ...f6.} 26. Qe7 Be6 27. Bxc4 Nxc4 28. Qxb7 Ne3 $1 {[%mdl 512]}) 26. Qf6 (26. Rb1 $15) 26... Nd5 $19 {[%mdl 64] Discovered Attack} 27. Qh8+ Ke7 28. Rc1 b5 ({Better is} 28... Nde3 $1 $19 29. Qb8 b5) 29. Qb8 (29. Qa8 $17 {was the only defense.}) 29... Qa3 $2 (29... Nde3 $1 $19 30. Qb7 Ng4 31. Bxg4 hxg4) 30. Rf1 $2 {[%mdl 8192]} (30. Rc2 $1 $11 Qc5 31. a4 $1 {[%mdl 512]}) 30... Qxa2 31. Bd3 Qa3 32. Be4 Qc5 33. Qb7 Nc3 $2 ({Black should play} 33... Nf6 $19 34. Nc6+ Kf8) 34. Bc6 $1 $11 Nb6 35. Bxd7 Nxd7 36. Nc6+ Ke6 37. Nd8+ Ke7 38. Nc6+ Ke6 39. Qc8 {Qe8+ is the strong threat.} d5 $2 {[#]} (39... Kd5 $1 $11 40. Qxd7 Qxc6 41. Qxf7+ {[%mdl 64] Double Attack} Kc5) 40. Qe8+ $1 $18 Kd6 {[#]} 41. Nd8 $1 {[%cal Rd8b7]} Qc4 $2 {[%mdl 8192]} (41... Qc7 $16) 42. Nxf7+ Kc7 43. Qd8+ Kc6 44. Qc8+ Kb6 45. Qxd7 Ne2+ 46. Kh2 Nxg3 47. Qd8+ ({Less strong is} 47. Kxg3 Qxf1 48. Qd6+ (48. Qxd5 Qg1+ 49. Qg2 Qxg2+ 50. Kxg2 Kc5 $16) 48... Ka5 $18) 47... Kc5 48. Qd6+ {[%mdl 64] Double Attack} Kd4 49. Qxe5+ {Accuracy: White = 47%, Black = 36%.} 1-0

[Event "RUS Rapid GP Top 16 2018"]
[Site "Khanty-Mansiysk"]
[Date "2018.12.03"]
[Round "11"]
[White "Chigaev, Maksim"]
[Black "Kokarev, Dmitry"]
[Result "1/2-1/2"]
[WhiteElo "2671"]
[BlackElo "2698"]
[Annotator "TA"]
[PlyCount "99"]
[EventDate "2018.12.01"]
[EventType "swiss"]
[EventCountry "RUS"]
[SourceTitle "playchess.com"]
[Source "ChessBase"]
[SourceQuality "1"]

{[%evp 34,99,35,27,27,34,40,38,40,41,64,38,66,56,66,64,63,60,58,63,63,60,60,59,58,58,65,60,60,29,41,33,38,21,28,12,12,12,80,80,80,80,80,80,114,97,130,128,280,207,325,297,252,25,25,0,0,0,0,0,0,0,0,0,0,0,0,0]} 1. e4 c5 2. Nf3 d6 3. d4 Nf6 4. Nc3 cxd4 5. Nxd4 a6 6. Be3 e5 7. Nf3 Be7 8. Bc4 O-O 9. O-O Nc6 10. Bb3 Be6 11. Qe2 Na5 12. Rfd1 Nxb3 13. axb3 Qc7 {B90: Sicilian Najdorf: Unusual White 6th moves, 6 Be3 Ng4 and 6 Be3 e5} 14. Bg5 Nh5 15. Nxe5 Bxg5 16. Qxh5 Bf6 17. Nf3 Bxc3 18. bxc3 {LiveBook: 10 Games} Qxc3 19. Nd4 Rfe8 20. Qa5 Rac8 21. f3 {[#]} g6 $146 ({Predecessor:} 21... Qxa5 22. Rxa5 {½-½ (36) Kamsky,G (2732)-Gelfand,B (2733) Kazan 2011}) 22. Kf2 h5 23. h4 Bd7 24. Qxc3 Rxc3 25. Rd2 Rec8 26. Ra2 Kf8 27. Ne2 R3c6 28. c4 Ke7 29. Ke3 Be6 30. Nd4 Rc5 31. Rd3 f5 32. Rad2 fxe4 33. fxe4 Rd8 34. Nxe6 Kxe6 $11 {[%mdl 4096] Endgame KRR-KRR} 35. Rd5 Rd7 (35... Rxd5 $11 36. exd5+ Ke7) 36. Kf4 $16 b5 37. cxb5 axb5 38. b4 Rc3 39. Rxb5 Rf7+ 40. Kg5 Rg3+ (40... Rh7 $16 {was worth a try.}) 41. Kh6 $18 Rf4 (41... Rg4 $142 42. Rg5 Rxh4) 42. Rg5 Rgg4 43. Kxg6 $2 {[#]} ({Don't play} 43. Rxg6+ Rxg6+ 44. Kxg6 Rxh4 $16) ({White should try} 43. g3 $18 Rxe4 44. Kxg6 (44. Rxg6+ Rxg6+ 45. Kxg6 Rg4+ 46. Kxh5 Rxg3 $16)) 43... Rxh4 $11 44. g3 Rf6+ {The position is equal.} 45. Kg7 Rf7+ 46. Kh6 Rf6+ 47. Kg7 Rxe4 48. Rxd6+ Kxd6 49. Kxf6 h4 $1 50. gxh4 {Accuracy: White = 66%, Black = 49%.} 1/2-1/2

[Event "RUS Rapid GP Top 16 2018"]
[Site "Khanty-Mansiysk"]
[Date "2018.12.03"]
[Round "11"]
[White "Ponkratov, Pavel"]
[Black "Iljiushenok, Ilia"]
[Result "1-0"]
[WhiteElo "2658"]
[BlackElo "2607"]
[Annotator "TA"]
[PlyCount "75"]
[EventDate "2018.12.01"]
[EventType "swiss"]
[EventCountry "RUS"]
[SourceTitle "playchess.com"]
[Source "ChessBase"]
[SourceQuality "1"]

{[%evp 11,75,29,33,15,30,24,25,24,22,-66,-6,-15,29,17,0,4,7,0,39,16,28,0,12,0,-14,-23,55,43,59,3,6,19,239,218,187,33,50,36,150,106,122,111,154,156,157,160,151,159,153,141,131,131,132,134,221,229,242,247,240,239,555,539,592,590,629,612]} 1. e4 e5 2. Nf3 Nc6 3. Bb5 Nf6 4. Qe2 d6 5. d4 Bd7 6. c3 a6 {LiveBook: 3 Games. C44: Ponziani Opening and Scotch Gambit} (6... Qe7 7. d5 Nb8 8. Bd3 c6 9. c4 Na6 10. Nc3 g6 11. h3 Bg7 12. g4 Nc5 13. Bc2 cxd5 14. g5 {1-0 (42) Bortnyk,O (2610)-Orlov,G (2481) chess.com INT 2018}) 7. Bd3 g6 $146 ({Predecessor:} 7... Bg4 8. d5 Ne7 9. h3 Bh5 10. c4 Nd7 11. Nc3 c5 12. g4 Bg6 13. Nh4 Nc8 14. Nf5 {1-0 (33) Lukin,A (2423)-Akimov,I (2275) St Petersburg 2001}) 8. O-O Bg7 {White has an edge.} 9. Rd1 O-O 10. Nbd2 (10. dxe5 $11 dxe5 11. Be3) 10... Nh5 (10... exd4 $15 11. cxd4 Re8) 11. Nb3 $11 Qe7 12. Bg5 f6 13. Be3 Rae8 14. Re1 Kh8 15. Rad1 Nd8 16. c4 Ne6 17. g3 exd4 18. Nfxd4 Nxd4 (18... Ng5 $1 $11) 19. Nxd4 c5 20. Nc2 (20. Nb3 $14) 20... f5 21. exf5 Bxf5 $2 (21... Qf7 $1 $11 {and Black stays safe.}) 22. Bxf5 $18 Rxf5 23. Qd3 $2 (23. g4 $18 Rg5 24. Qf3) 23... Qf7 $1 $14 24. b3 Nf6 (24... Rf6 $14) 25. Qxd6 Ne4 {[#]} 26. Qd7 $1 $36 {[%mdl 2048] White is really pushing.} Nc3 27. Qxf7 Rxf7 28. Bxc5 Rc8 29. Rd3 Nxa2 30. Bd4 Bxd4 31. Rxd4 b5 32. Kg2 Rfc7 (32... bxc4 $16 {was called for.} 33. Rxc4 (33. bxc4 a5 $16) 33... Rfc7) 33. Ra1 $18 bxc4 34. bxc4 Nc3 {[#]} 35. Ne3 $1 {aiming for Ra3.} ({Don't play} 35. Rxa6 $6 Rxc4 36. Rxc4 Rxc4) 35... Rc6 $2 (35... Re8 {is a better chance.} 36. Rxa6 Rf7) 36. Ra3 {White is clearly winning.} Ne2 37. Rd2 Nc1 38. Rc2 {Accuracy: White = 47%, Black = 33%.} 1-0

[Event "RUS Rapid GP Top 16 2018"]
[Site "Khanty-Mansiysk"]
[Date "2018.12.03"]
[Round "11"]
[White "Pridorozhni, Aleksei"]
[Black "Morozevich, Alexander"]
[Result "1/2-1/2"]
[WhiteElo "2631"]
[BlackElo "2696"]
[Annotator "TA"]
[PlyCount "127"]
[EventDate "2018.12.01"]
[EventType "swiss"]
[EventCountry "RUS"]
[SourceTitle "playchess.com"]
[Source "ChessBase"]
[SourceQuality "1"]

{[%evp 37,127,20,31,0,0,0,0,13,22,0,0,0,0,0,0,0,0,-42,-30,-29,0,-92,-34,-45,0,-30,0,0,0,0,0,-27,-28,-26,-18,-28,25,0,29,-8,0,0,16,-198,-188,-282,-306,-845,-4,-28,-31,-70,-16,-72,-77,-73,-73,-77,-66,-87,-87,-87,-76,-87,-87,-87,-61,-83,-36,-72,-25,-25,-7,-7,0,0,0,0,0,0,0,0,0,0,0,0,0,0,0,0,0,0]} 1. e4 c5 2. Nf3 g6 3. d4 cxd4 4. Nxd4 Nf6 5. Nc3 d6 6. Be3 Bg7 7. f3 O-O 8. Qd2 Nc6 9. O-O-O d5 10. Qe1 e5 11. Nxc6 bxc6 12. exd5 Nxd5 13. Bc4 Be6 14. Ne4 Qc7 15. Bc5 Rfd8 16. g4 h6 {B76: Sicilian Dragon: Yugoslav Attack, 9 g4 and 9 0-0-0} (16... Nf4 17. Qc3 Rd4 18. Bxd4 exd4 19. Qb4 d3 20. Bxe6 Ne2+ 21. Kb1 Rb8 22. Bxf7+ Kh8 23. Qxb8+ Qxb8 24. c3 Nxc3+ 25. Nxc3 Bxc3 {1-0 (41) Svidler,P (2738)-Radjabov,T (2744) Sochi 2008}) 17. h4 f5 18. gxf5 gxf5 19. Ng3 Qf7 {LiveBook: 3 Games} 20. Qa5 Rd7 21. Bb3 Rad8 22. Ne2 $146 ({Predecessor:} 22. c4 Nf4 23. Qxd8+ Rxd8 24. Rxd8+ {0-1 (76) Kemperman,H-Makeev,V (2324) ICCF email 2007}) 22... Qh5 23. Rdf1 Kh7 24. Kb1 Nc7 25. Nc1 ({Not} 25. Bxa7 $2 Ra8 $19) 25... Bd5 26. Bxd5 cxd5 27. Rhg1 Ne6 28. Be3 Qf7 29. Nb3 (29. Bd2 $11 {remains equal.}) 29... Rc8 (29... f4 $1 $17 {[%cal Rf4e3]} 30. Bd2 e4) 30. Rg2 Rc4 (30... f4 $5 {[%cal Rf4e3]} 31. Qa6 Rc4 $15) 31. Rd1 d4 32. Bc1 e4 33. fxe4 fxe4 34. Rgg1 e3 $36 {[%mdl 2048] Black has the initiative.} 35. Rdf1 Qe8 36. Qf5+ Kg8 (36... Kh8 $142) 37. Qd3 Rcc7 38. Rg4 (38. c3 $5 dxc3 39. Qxe3 c2+ 40. Ka1 $11) 38... Qh5 39. Rfg1 {Black must now prevent Nxd4.} Qd5 40. c3 $2 (40. Re4 $11 {and White has nothing to worry.} Rc6 41. Rg6) 40... dxc3 $19 41. Qxe3 (41. Rxg7+ $142 Nxg7 42. Qxd5+ Rxd5 43. Bxe3) 41... Qf5+ $1 42. Ka1 $2 (42. Qe4 Qxe4+ 43. Rxe4 c2+ 44. Ka1) 42... Kh7 $2 (42... cxb2+ $19 43. Bxb2 Qxg4 $1 {[%mdl 512]}) 43. Rxg7+ Rxg7 44. Qxh6+ Kg8 45. Rxg7+ (45. Re1 $11) 45... Nxg7 $17 46. bxc3 Rxc3 47. Bb2 Rg3 48. Nc1 a5 {[%cal Ba7a5,Ba5a4][%mdl 32]} 49. Qd6 Rg6 50. Qd8+ {[#]} Kh7 $1 51. a3 Rg2 52. Qd4 Qc2 53. Qe5 a4 (53... Rg1 $5 {[%cal Rg1c1]} 54. Qe3 Rg4 $17) 54. Qd4 Qf2 {...Qxd4 is the strong threat.} 55. Qe4+ {The position is equal.} Nf5 {[%csl Gg2][%cal Rf2b2]} 56. Nd3 Qf1+ 57. Ka2 Re2 58. Qxa4 Re7 59. Ne5 Qg2 {aiming for ...Rxe5.} 60. Qf4 Qd5+ 61. Kb1 Qd1+ 62. Ka2 Qd5+ 63. Kb1 Qd1+ 64. Ka2 {Accuracy: White = 37%, Black = 48%.} 1/2-1/2